000 00800nam a2200253Ia 4500
003 OSt
005 20220927104052.0
006 a|||||r|||| 00| 0
007 ta
008 220926b |||||||| |||| 00| 0 eng d
024 _a92117
037 _cReference Collections
040 _aRTL
_cRTL
_beng
041 _2eng
_aeng
082 _a"X9(F55).1.N8, M3/UN"
110 _aUnited Nations International Economic and Social Affairs (deptt of -)
245 0 _aEnergy in the eighties
260 _aNew
_bYork United Nations USA
_c1983
300 _a153p.
_ccm.
650 _aFuel
_9362504
700 _aUnited Nations International Economic and Social Affairs (deptt of -)
942 _h"X9(F55).1.N8, M3/UN"
_cCC
999 _c685305
_d685305